000 00252 a2200097 4500
001 59068
100 _a
245 _aChildrens first encyclopedia of knowledge ( 4 volumes set)
260 _aND
_bYoung Learner Publications
_c2009
090 _c36173
_d36173
942 _aNUST-CAE
_c
_c29084
999 _c294141
_d294141